| 000 | 00404nam a2200157Ia 4500 | ||
|---|---|---|---|
| 005 | 20250603150012.0 | ||
| 008 | 250603s9999 xx 000 0 und d | ||
| 020 | _a0- 471- 67591- 1 | ||
| 050 | _aQC 760 .P38/ | ||
| 100 | _aClayton R. Paul | ||
| 245 | 0 | _aUser's guide to accompany EMAG solutions powered by Justask | |
| 260 | _bJohn Wiley and Sons | ||
| 260 | _c2004 | ||
| 300 | _a16 p | ||
| 942 | _cBK | ||
| 999 |
_c43477 _d43477 |
||